Statistics for Guess the kpop group by their best album❤

Click here to take the quiz!

General Stats

  • This quiz has been taken 95 times
  • The average score is 7 of 9

Answer Stats

AlbumArtist% Correct
Born pinkblackpink
99%
Map of the soul :7bts
92%
5-starstray kids
90%
Stickernct 127
79%
The name chapter: temptationtxt
77%
Fmlseventeen
74%
ISTJnct dream
68%
Goldenjungkook
65%
Get upnew jeans
55%

Score Distribution

Percentile by Number Answered

Percent of People with Each Score

Your Score History

You have not taken this quiz